000 00302nam a2200109Ia 4500
001 1276102
005 20260417160441.0
008 260417s9999 xx 000 0 und d
020 _a9786255998880
245 0 _aŞeyh Galib’in Hüsn ü Aşk’ından Kaderin Kalemi
_cKollektif
260 _bKetebe Genç
999 _c1276102
_d1276102